000 00417nam a2200169Ia 4500
003 GCL
008 140319s9999 xx 000 0 eng d
040 _aGCL /
_cGCL
082 0 4 _aCH.
_b372.216
_bF P
100 1 _aFUYUNO, I CHIKO
245 1 0 _aPOM. POM'S BIRTHDAY PARTY /
_cFUYUNO, I CHIKO
260 _a[S.N] :
_bFROEBEL- KAN CO
650 0 4 _aREADING
650 0 4 _aCHILDREN
650 0 4 _aTALES
942 _2ddc
_cBK
999 _c18081
_d18081